<?xml version="1.0" encoding="UTF-8"?>
<record
    xmlns:xsi="http://www.w3.org/2001/XMLSchema-instance"
    xsi:schemaLocation="http://www.loc.gov/MARC21/slim http://www.loc.gov/standards/marcxml/schema/MARC21slim.xsd"
    xmlns="http://www.loc.gov/MARC21/slim">

  <leader>00430nam a2200145Ia 4500</leader>
  <controlfield tag="005">20260407090011.0</controlfield>
  <controlfield tag="008">251127s9999    xx            000 0 und d</controlfield>
  <datafield tag="020" ind1=" " ind2=" ">
    <subfield code="a">0750677325 (hardcover) |</subfield>
  </datafield>
  <datafield tag="082" ind1=" " ind2=" ">
    <subfield code="a">658.575 </subfield>
    <subfield code="b">ANN-N</subfield>
  </datafield>
  <datafield tag="100" ind1=" " ind2=" ">
    <subfield code="a">Annacchino, Marc</subfield>
  </datafield>
  <datafield tag="245" ind1=" " ind2="0">
    <subfield code="a">New Product Development : From Initial Idea to Product Management</subfield>
  </datafield>
  <datafield tag="260" ind1=" " ind2=" ">
    <subfield code="a">Burlington</subfield>
    <subfield code="b">Butterworth-Heinemann,</subfield>
  </datafield>
  <datafield tag="650" ind1=" " ind2=" ">
    <subfield code="a">Management Sciences </subfield>
  </datafield>
  <datafield tag="942" ind1=" " ind2=" ">
    <subfield code="c">BK</subfield>
  </datafield>
  <datafield tag="999" ind1=" " ind2=" ">
    <subfield code="c">7793</subfield>
    <subfield code="d">7793</subfield>
  </datafield>
  <datafield tag="952" ind1=" " ind2=" ">
    <subfield code="0">0</subfield>
    <subfield code="1">0</subfield>
    <subfield code="4">0</subfield>
    <subfield code="7">0</subfield>
    <subfield code="8">Management Science </subfield>
    <subfield code="a">AUSC</subfield>
    <subfield code="b">AUSC</subfield>
    <subfield code="c">Management Science</subfield>
    <subfield code="d">2015-04-22</subfield>
    <subfield code="e">Allied Book Company</subfield>
    <subfield code="i">8237</subfield>
    <subfield code="o">658.575 ANN-N</subfield>
    <subfield code="p">P9742</subfield>
    <subfield code="y">BK</subfield>
    <subfield code="z">Program Relevancy: BBA; MBA; Course Relevancy: New product development</subfield>
  </datafield>
</record>
